Stakeholder přístup k řízení cestovního ruchu

Problematika plánovania rozvoja cestovného ruchu s dôrazom na zapojenie regionálných aktérov do fázy implementácie stratégie.

Saved in:
Bibliographic Details
Main Author: Luštický, Martin
Other Authors: Zaunmüllerová, Paula, Novák, Michal
Format: Book Chapter
Language:Czech
Subjects:
Tags: Add Tag
No Tags, Be the first to tag this record!

MARC

LEADER 00000naa a2200000 4500
001 0194549
005 20220714120607.9
041 0 |a cze 
044 |a CZ 
245 1 0 |a Stakeholder přístup k řízení cestovního ruchu  |c Martin Luštický, Paula Zaunmüllerová, Michal Novák 
520 |a Problematika plánovania rozvoja cestovného ruchu s dôrazom na zapojenie regionálných aktérov do fázy implementácie stratégie. 
610 2 0 |a stakeholder 
610 2 0 |a plánovanie 
610 2 0 |a politika ruchu cestovného 
610 2 0 |a analýza ekonomická 
610 2 0 |a ruch cestovný 
100 1 |a Luštický, Martin 
700 1 |a Zaunmüllerová, Paula 
700 1 |a Novák, Michal